000 00496nam a2200181Ia 4500
001 31945
003 IN-NITTTR
005 20251114233426.0
008 251113s9999||||xx |||||||||||||| ||eng||
040 _beng
040 _cIN-NITTTR
041 _aeng
082 _a671.35 K1S
100 _aKhire, Mohan
245 0 _aStudies in electro discharge machining :
_b investigations in electro discharge machining /
_cKhire, Mohan, Kodlinge, Pawan
700 _a Kodlinge, Pawan
942 _2ddc
_cBK
999 _c34575
_d34575